Score 0/24 Timer 08:00
0 Plays Today
Photo Name % Correct
Third rowMichael Jackson
89.7%
Top rowElvis Presley
86.8%
Second rowAdolf Hitler
86.8%
Last rowJohn Travolta
83.8%
Second rowMargaret Thatcher
77.2%
Last rowPrince Charles
76.5%
Third rowRowan Atkinson
73.9%
Last rowPaul McCartney
72.8%
Top rowWinston Churchill
71.3%
Top rowDavid Beckham
62.5%
Top rowPrince William
59.9%
Last rowSean Connery
46.7%
Photo Name % Correct
Last rowSylvester Stallone
43.4%
Second rowArthur Fonzarelli
33.1%
Second rowKylie Minogue
33.1%
Second rowCliff Richard
31.6%
Third rowJoan Collins
31.3%
Top rowIan Botham
20.6%
Last rowBenito Mussolini
14.7%
Third rowTom Jones
8.1%
Second rowDiana Dors
7%
Top rowShirley Bassey
6.3%
Third rowBob Hope
6.3%
Third rowJohn Cleese
3.7%

You're not logged in!

Compare scores with friends on all Sporcle quizzes.
OR
Log In

Sporcle TV

Today on Sporcle TV


Watch our educational content, quiz creation guides, and fun videos on Sporcle TV.

Show Comments

Extras

Top Quizzes Today


Score Distribution

Paid Content

Your Account Isn't Verified!

In order to create a playlist on Sporcle, you need to verify the email address you used during registration. Go to your Sporcle Settings to finish the process.

Report this User

Report this user for behavior that violates our Community Guidelines.

Details: